000 00828cam a2200277 a 4500
001 965900
003 OSt
005 20160905175432.0
008 841206s1984 ph 000 1 tgl
010 _a 84247425
020 _a971-113-006-8 (pbk.)
020 _a9711130076 (hard)
040 _aDLC
_cDLC
_dDLC
050 0 0 _aPL6058.9.A73
_bA6 1984
082 _21984
_aDFil 899.2103
_bAr2
100 1 _aArceo, Liwayway A.
240 1 0 _aShort stories.
_kSelections
245 1 4 _aMga piling katha /
_cni Liwayway A. Arceo.
260 _aQuezon City, Metro Manila :
_bAteneo de Manila University Press,
_c1984.
300 _axiv, 218 pages;
_c18 cm.
365 _b148.50
_cPhp
500 _aIn Tagalog.
650 0 _914137
_aShort stories, Filipino
906 _a7
_bcbc
_corignew
_d2
_encip
_f19
_gy-gencatlg
942 _2ddc
_cDFIL
999 _c4356
_d4356